The poetical works of Lord Byron, with memoir, explanatory notes, etc.

Saved in:
Bibliographic Details
Main Author: Byron, George Gordon Byron, Baron, 1788-1824
Format: Book
Language:English
Published: London : Warne, [1881]
Edition:Albion ed.
LEADER 00794nam a2200217 a 4500
001 c000413372
003 CARM
005 00000000000000.0
008 900801s1881 enkac 00010 eng d
019 1 |a 7449768 
040 |a VDU  |c VDU 
082 0 4 |a 820.7 
100 1 |a Byron, George Gordon Byron,  |c Baron,  |d 1788-1824. 
240 1 0 |a Poems. 
245 1 4 |a The poetical works of Lord Byron, with memoir, explanatory notes, etc. 
250 |a Albion ed. 
260 |a London :  |b Warne,  |c [1881] 
300 |a xvi, 720 p., [13] leaves of plates :  |b ill., port. ;  |c 20 cm. 
852 8 |b CARM  |h A3:AF04A0  |i A05624  |p 0570920  |f BK 
999 f f |i 533707a4-ea36-512f-bfe2-8b42a34238da  |s e770c7d7-1efb-592d-b833-c7df4458c124 
952 f f |p Can circulate  |a CAVAL  |b CAVAL  |c CAVAL  |d CARM 1 Store  |e A05624  |f A3:AF04A0  |h Other scheme  |i book  |m 0570920